Sports Quiz

Random Sports or Tennis Quiz

(Tennis) Beat Dementieva at Grand Slam Quiz Stats

 Plays Quiz not verified by Sporcle

Challenge
Share
Tweet
Embed
Score 0/49 Timer 10:00
0 Plays Today
Tournament Answer % Correct
Australian Open 2009 SFSerena Williams
100%
Wimbledon 2009 SF Serena Williams
100%
Wimbledon 2008 SFSerena Williams
100%
Wimbledon 2003 4RSerena Williams
100%
Australian Open 2010 2RJustine Henin
99%
Australian Open 2002 4RJustine Henin
99%
Wimbledon 2002 4RJustine Henin
99%
French Open 2009 3RSamantha Stosur
95.1%
US Open 2010 4RSamantha Stosur
95.1%
US Open 2004 FSvetlana Kuznetsova
95.1%
US Open 2001 4RKim Clijsters
94.1%
Australian Open 2008 4RMaria Sharapova
93.1%
French Open 2004 FAnastasia Myskina
93.1%
Wimbledon 2006 QFMaria Sharapova
93.1%
Wimbledon 2005 4RAnastasia Myskina
93.1%
Australian Open 2004 1RJelena Jankovic
92.2%
French Open 2010 SFFrancesca Schiavone
92.2%
US Open 2008 SFJelena Jankovic
92.2%
US Open 2006 QFJelena Jankovic
92.2%
US Open 2002 2RFrancesca Schiavone
92.2%
Australian Open 1999 2RMartina Hingis
91.2%
US Open 2000 SFLindsay Davenport
89.2%
French Open 2006 3RShahar Peer
88.2%
US Open 2005 SFMary Pierce
88.2%
Australian Open 2005 4RPatty Schnyder
84.3%
Tournament Answer % Correct
French Open 2008 QFDinara Safina
84.3%
US Open 2003 4RJennifer Capriati
83.3%
US Open 1999 3RConchita Martinez
76.5%
Australian Open 2007 4RNicole Vaidisova
74.5%
French Open 2007 3RMarion Bartoli
70.6%
US Open 2007 3RSybille Bammer
68.6%
Wimbledon 2000 1RNadia Petrova
65.7%
Wimbledon 2007 3RTamira Paszek
60.8%
US Open 2009 2RMelanie Oudin
56.9%
Wimbledon 2001 3RAnke Huber
54.9%
French Open 1999 2RNathalie Dechy
51%
Australian Open 2000 3RJulie Halard-Decugis
46.1%
French Open 2005 4RElena Likhovtseva
41.2%
French Open 2002 4RClarisa Fernandez
33.3%
Wimbledon 1999 1RDominique Van Roost
33.3%
French Open 2000 2RVirginie Razzano
31.4%
Australian Open 2001 3RDaja Bedanova
18.6%
Australian Open 2003 1RBarbara Schwartz
14.7%
French Open 2001 2RHenrietta Nagyova
14.7%
French Open 2003 1RMaria Sanchez-Lorenzo
13.7%
Australian Open 2006 1RJulia Schruff
8.8%
Wimbledon 1999 FQRSeda Noorlander
8.8%
Wimbledon 2004 1RSandra Kleinova
5.9%
US Open 1998 Q1Alice Canepa
3.9%

You're not logged in!

Compare scores with friends on all Sporcle quizzes.
OR
Log In

You Might Also Like...

Show Comments

Extras

Top Quizzes Today


Score Distribution

Your Account Isn't Verified!

In order to create a playlist on Sporcle, you need to verify the email address you used during registration. Go to your Sporcle Settings to finish the process.

Report this User

Report this user for behavior that violates our Community Guidelines.

Details: